000 01327cam a22003497a 4500
001 14347753
005 20170105102353.0
008 060420s2006 nyua b 001 0 eng d
010 _a 2006926213
020 _a0387339566
020 _a9780387339566
035 _a(OCoLC)ocm71843743
035 _a(OCoLC)71843743
040 _aVYR
_cVYR
_dYDXCP
_dOHX
_dOCLCQ
_dIXA
_dBAKER
_dUAB
_dDLC
042 _alccopycat
050 0 0 _aTK5103.2
_b.E57 2006
100 1 _aEngels, Marc,
_d1965-
245 1 0 _aBroadband fixed wireless access :a system perspective
_ba system perspective
_cMarc Engels, Frederik Petré.
260 _aNew York :
_bSpringer,
_cc2006.
300 _axviii, 211 p. :
_bill. ;
_c25 cm.
440 0 _aSignals and communication technology
504 _aIncludes bibliographical references and index.
650 0 _aWireless communication systems.
650 0 _aBroadband communication systems.
700 1 _aPetré, Frederik.
856 4 1 _3Table of contents only
_uhttp://www.loc.gov/catdir/toc/fy0708/2006926213.html
856 4 2 _3Publisher description
_uhttp://www.loc.gov/catdir/enhancements/fy0824/2006926213-d.html
906 _a7
_bcbc
_ccopycat
_d2
_encip
_f20
_gy-gencatlg
942 _2ddc
_cBK
999 _c12002
_d12002